000 00802nas a2200265 4500
001 BR0202173
003 BR-BrBNA
005 20231205102913.0
007 ta
008 230509b bl.|||p| |||| 00| 00por d
040 _aBR-BrBNA
_bpor
_cBiblioteca Nacional de Agricultura
041 _a(Pt)
072 _aE71
100 1 _aPinazza, L.A.
100 1 _aAlimandro, R.
245 1 _aA competitividade do complexo brasileiro da soja tem sido abalada por problemas tributários e tarifas desiguais
650 _aSOJA
650 _aIMPOSTO
650 _aGATT
650 _aMERCADO INTERNACIONAL
650 _aCOMÉRCIO EXTERIOR
773 0 _tAgroanalysis (Brazil)
_xISSN 0100-4298
_g(Nov 2001), v. 21(11) p. 45-47
_wBR0202173
909 _a202311
_bLúcia
_c55
_dLúcia Elande
942 _2AGRIS
_n0
_cANA
999 _c169997
_d169997